| 000 | 00568nam a2200217Ia 4500 | ||
|---|---|---|---|
| 003 | OSt | ||
| 005 | 20221006165239.0 | ||
| 006 | a|||||r|||| 00| 0 | ||
| 007 | ta | ||
| 008 | 221006b |||||||| |||| 00| 0 eng d | ||
| 024 | _a3,120 | ||
| 037 | _cTextual | ||
| 040 |
_aFML _cFML _beng |
||
| 041 |
_2eng _aeng |
||
| 082 | _aP15,10Ax1,1:g, [K2] | ||
| 100 |
_aSukthankar V S Au. _9679396 |
||
| 245 | 0 | _aGhate's Lectures on Rigveda | |
| 300 |
_a210 _ccm. |
||
| 942 |
_hP15,10Ax1,1:g, [K2] _cTEXL _2CC |
||
| 999 |
_c1120135 _d1120135 |
||